| 000 -LEADER |
| fixed length control field |
01200pab a2200181 454500 |
| 008 - FIXED-LENGTH DATA ELEMENTS--GENERAL INFORMATION |
| fixed length control field |
180718b xxu||||| |||| 00| 0 eng d |
| 100 ## - MAIN ENTRY--PERSONAL NAME |
| Personal name |
Hiland, Iona B. |
| 245 ## - TITLE STATEMENT |
| Title |
Trickle down impacts of federal changes |
| 520 ## - SUMMARY, ETC. |
| Summary, etc. |
The author explains that in the facde of ruvenue cutbacks by "the feds", county administrators in department sof social services in Maryland are more likely to be able to expand social servioces and enaergency resource provisions it they are from the other affluent counties like Anne Arundel, Baltimore, or Montgimery. Baltimore city with the largest number of poor citizens lacks the revenue capacity to supplement state-mandated programs significantty. Some state discretionery funds, particularly emergency assistance grants and investment in jole opportunities funds, allow county and city of Battimore administrators a deqree of flexibility in seeking to meet cleint needs. However given continuing financial limit |
| 650 ## - SUBJECT ADDED ENTRY--TOPICAL TERM |
| Topical term or geographic name entry element |
State |
| 650 ## - SUBJECT ADDED ENTRY--TOPICAL TERM |
| Topical term or geographic name entry element |
Municiapl Relations |
| 650 ## - SUBJECT ADDED ENTRY--TOPICAL TERM |
| Topical term or geographic name entry element |
Local Government |
| 650 ## - SUBJECT ADDED ENTRY--TOPICAL TERM |
| Topical term or geographic name entry element |
Federal - Municipal Relations |
| 650 ## - SUBJECT ADDED ENTRY--TOPICAL TERM |
| Topical term or geographic name entry element |
State - Municipal Relations |
| 700 ## - ADDED ENTRY--PERSONAL NAME |
| Personal name |
Palley, Howard A. |
| 773 ## - HOST ITEM ENTRY |
| Main entry heading |
Public Manager |
| 909 ## - |
| -- |
22795 |